000 01246nam a2200337Ia 4500
003 OSt
005 20221007124510.0
006 a|||||r|||| 00| 0
007 ta
008 221006b |||||||| |||| 00| 0 eng d
020 _a9783527327478 (pbk)
024 _a190605
037 _b3525, 14/03/2014, Educational Book Agency (India)
_cTextual
040 _aCDL
_cCDL
_beng
041 _2eng
_aeng
082 _aE8, Q2;5 Carc
100 _aEicher Theophil
_9719434
245 0 _aChemistry of heterocycles :structures, reactions, synthesis, and applications
_b Hauptmann siegfried Speicher Andreas
260 _aWeinheim
_bWiley- VCH
_c2012
300 _axiii, 632p. ill.
_ccm.
500 _aReferences 614-620p.; Indices 621-632p.
650 _a Four membered heterocycles
_9719435
650 _a Heterocycles
_9719436
650 _a Larger ring heterocycles
_9719437
650 _a Three membered heterocycles
_9719438
650 _aChemistry
700 _a Hauptmann siegfried
_9719439
700 _a Speicher Andreas
_9719440
942 _hE8, Q2;5 Carc
_cTEXL
_2CC
999 _c1213634
_d1213634